[Event "Bern op"]
[Site "Bern"]
[Date "1993.??.??"]
[Round "7"]
[White "Tukmakov, Vladimir B"]
[Black "Brunner, Lucas"]
[Result "1/2-1/2"]
[WhiteElo "2605"]
[BlackElo "2455"]

1.d4 Nf6 2.Nf3 g6 3.c4 Bg7 4.g3 O-O 5.Bg2 d6 6.O-O Nbd7 7.Qc2 e5 8.Rd1 Qe7
9.Nc3 c6 10.e4 exd4 11.Nxd4 Re8 12.b3 Nc5 13.f3 a5 14.Be3 Nfd7 15.Bf2 Ne5
16.h3 f5 17.f4 Nf7 18.exf5 Bxf5 19.Nxf5 gxf5 20.Rac1 Qf6 21.Bd4 Qg6 22.Bxg7 Kxg7
23.Qf2 h5 24.Bf3 Re7 25.Rc2 Rae8 26.Re2 Rxe2 27.Nxe2 Kh6 28.Kh2 Qf6 29.Nd4 Ne4
30.Bxe4 Rxe4 31.Rd2 Kg6 32.Kg2 Qe7 33.Nf3 Qe6 34.Nd4 Qe7 35.Nf3 Qe6  1/2-1/2

[Event "Biel op"]
[Site "Biel"]
[Date "1993.??.??"]
[Round "2"]
[White "Southam, Todd"]
[Black "Golubev, Mihail"]
[Result "1/2-1/2"]
[WhiteElo "2335"]
[BlackElo "2500"]

1.d4 Nf6 2.c4 g6 3.Nf3 Bg7 4.g3 O-O 5.Bg2 d6 6.O-O Nbd7 7.Nc3 e5 8.Qc2 exd4
9.Nxd4 Nb6 10.Rd1 Nxc4 11.Ncb5 a6 12.Qxc4 axb5 13.Nxb5 Ne8 14.Nc3 c6 15.e4 Bg4
16.f3 Be6 17.Qb4 b5 18.Be3 Qb8 19.e5 dxe5 20.f4 exf4 21.gxf4 Qc8 22.Bc5 Bc4
23.Ne4 f5 24.Ng5 Nf6 25.b3 Bd5 26.Bxf8 Bxf8 27.Qd4 Bg7 28.Rac1 Ne4 29.Qd3 Qe8
30.Re1 Rxa2 31.Nxe4 Rxg2+ 32.Kxg2 Bxe4+ 33.Rxe4 fxe4 34.Qd6 Qc8 35.Rxc6 Qg4+
36.Kf2 Qf3+ 37.Kg1 Qe3+ 38.Kf1 Qf3+ 39.Kg1 Qg4+ 40.Kh1 Qf3+ 41.Kg1 Qe3+ 42.Kf1  1/2-1/2

[Event "Biel op"]
[Site "Biel"]
[Date "1993.??.??"]
[Round "7"]
[White "Schroeder, Wilfried"]
[Black "Piven, Igor"]
[Result "0-1"]
[WhiteElo "2270"]
[BlackElo "2345"]

1.d4 g6 2.Nf3 Bg7 3.c4 Nf6 4.g3 O-O 5.Bg2 d6 6.O-O Nbd7 7.Qc2 e5 8.Rd1 Qe7
9.dxe5 dxe5 10.e4 c6 11.Nc3 Nh5 12.b3 f5 13.a4 a5 14.Ba3 Nc5 15.Ne1 f4 16.Bf3 b6
17.Qe2 fxg3 18.hxg3 Qg5 19.Ng2 Nxb3 20.Bxf8 Bxf8 21.Qa2 Nd4 22.Rxd4 exd4
23.Ne2 Bc5 24.Rd1 Bg4 25.Rd3 Rf8 26.Qb3 Bxf3 27.Rxf3 Nf6 28.Rf4 Qe5 29.Ne1 Nxe4
30.Rxf8+ Kxf8 31.Nd3 Nd2 32.Qxb6 Nf3+ 33.Kf1 Bxb6  0-1

[Event "Bojnice"]
[Site "Bojnice"]
[Date "1993.??.??"]
[Round "?"]
[White "Kolesar, Milan"]
[Black "Hanko, Pavel"]
[Result "0-1"]
[WhiteElo "2300"]
[BlackElo "2225"]

1.c4 Nf6 2.Nf3 g6 3.g3 Bg7 4.Bg2 d6 5.d4 O-O 6.O-O Nc6 7.Nc3 a6 8.d5 Na5
9.Nd2 c5 10.Rb1 Bd7 11.b3 b5 12.Bb2 Rb8 13.Qc2 bxc4 14.bxc4 Bh6 15.Nce4 Nxe4
16.Nxe4 Rb4 17.a3 Ba4 18.Qc3 Rxb2 19.Qxb2 Nxc4 20.Qa2 Na5 21.Nc3 Bd7 22.Be4 Bg7
23.Rfc1 c4 24.e3 Nb3 25.Rc2 Qa5 26.Ne2 Nc5 27.Rxc4 Nxe4 28.Rxe4 Bf5 29.Rxe7 Bxb1
30.Qxb1 Qxa3 31.Qb7 a5 32.Nf4 a4 33.Kg2 Qb2 34.Qa6 Qb4 35.Nd3 Qb3 36.e4 a3
37.Ra7 a2 38.Nc1 Qc2 39.Nxa2 Qxe4+ 40.Kg1 Bd4 41.Rc7 Bc5 42.Qf1 Qc2 43.Nb4 Bxf2+
44.Qxf2 Qxc7 45.Nc6 Ra8 46.Qf6 Ra2 47.h4 Qb6+  0-1

[Event "Wch U18"]
[Site "Bratislava"]
[Date "1993.??.??"]
[Round "7"]
[White "Fridman, Daniel"]
[Black "Kulaots, Kaido"]
[Result "1-0"]
[WhiteElo "2380"]
[BlackElo "2275"]

1.d4 Nf6 2.Nf3 g6 3.c4 Bg7 4.g3 O-O 5.Bg2 d6 6.Nc3 Nc6 7.O-O a6 8.d5 Na5
9.Nd2 c5 10.Qc2 Rb8 11.b3 b5 12.Bb2 bxc4 13.bxc4 Bh6 14.f4 e5 15.dxe6 Bxe6
16.Nd5 Bxd5 17.cxd5 Re8 18.Bf3 Bg7 19.Rab1 Rb4 20.Bc3 Nc4 21.Bxb4 Ne3 22.Qd3 Nxf1
23.Kxf1 cxb4 24.Qxa6 h5 25.Rxb4 Ng4 26.Bxg4 Bc3 27.Rc4 Bxd2 28.Rc8 Qe7 29.Rxe8+ Qxe8
30.Qc8 Kf8 31.Bd7 Qxc8 32.Bxc8 h4 33.gxh4 Bxf4 34.Kg2 Bd2 35.Bg4 Kg7 36.e4 Kf6
37.Bf3 Ke5 38.Kg3 Bf4+ 39.Kh3 Kd4 40.a4 Kc5 41.Kg2 Be5 42.h3 Bf4 43.Be2 Kd4
44.Bf3 Bd2 45.Kf2 Kc5 46.Bg4 f5 47.Bf3 Kb4 48.h5 gxh5 49.exf5 h4 50.Bd1 Kc4
51.f6 Kxd5 52.f7 Bh6 53.a5 Kc6 54.a6 d5 55.Be2 Bf8 56.Kf3 Bc5 57.Kg4 Kd7  1-0

[Event "Bratislava op"]
[Site "Bratislava"]
[Date "1993.??.??"]
[Round "7"]
[White "Mochalov, Evgeny V"]
[Black "Martin del Campo, Roberto"]
[Result "1-0"]
[WhiteElo "2420"]
[BlackElo "2420"]

1.d4 Nf6 2.Nf3 g6 3.c4 Bg7 4.g3 O-O 5.Bg2 d6 6.O-O Nc6 7.Nc3 Bg4 8.h3 Bxf3
9.Bxf3 Nd7 10.e3 e5 11.dxe5 Ncxe5 12.Bxb7 Rb8 13.Bg2 Nxc4 14.Qc2 Nc5 15.Rb1 a5
16.b3 Ne5 17.Rd1 Qd7 18.Ba3 Na6 19.Bb2 Nb4 20.Qe2 Qc8 21.Na4 Rd8 22.a3 Na6
23.Bc3 Nd7 24.Bxa5 Nac5 25.Nxc5 Nxc5 26.Qc4 Re8 27.b4 Ne6 28.Rbc1 c5 29.Rxd6 Bb2
30.Rcd1 cxb4 31.Qxc8 Rexc8 32.Bxb4  1-0

[Event "Brno-C"]
[Site "Brno"]
[Date "1993.??.??"]
[Round "?"]
[White "Skomorokhin, Roman"]
[Black "Kratochwil, Christian"]
[Result "1/2-1/2"]
[WhiteElo "2460"]
[BlackElo "2310"]

1.d4 Nf6 2.c4 g6 3.Nf3 Bg7 4.g3 O-O 5.Bg2 d6 6.O-O Nbd7 7.Qc2 c6 8.Rd1 Qc7
9.e4 e5 10.h3 Re8 11.Nc3 a5 12.Be3 exd4 13.Nxd4 Nc5 14.b3 Qe7 15.Re1 h6 16.Rad1 Nh7
17.f4 Bd7 18.Qf2 a4 19.b4 Na6 20.a3 Be6 21.b5 Nb8 22.Qa2 c5 23.Nde2 Nd7 24.Qd2 Nb6
25.Nd5  1/2-1/2

[Event "Brno-C"]
[Site "Brno"]
[Date "1993.??.??"]
[Round "?"]
[White "Skomorokhin, Roman"]
[Black "Gross, Stefan"]
[Result "1/2-1/2"]
[WhiteElo "2460"]
[BlackElo "2330"]

1.d4 Nf6 2.c4 g6 3.Nf3 Bg7 4.g3 O-O 5.Bg2 d6 6.O-O c6 7.Nc3 Qa5 8.h3 Be6
9.Nd2 d5 10.Nb3 Qd8 11.Nc5 Bc8 12.cxd5 cxd5 13.e3 b6 14.Nd3 Ba6 15.b4 Bc4
16.Re1 Nc6 17.b5 Na5 18.Ne5 e6 19.Ba3 Re8 20.Bb4 Rc8 21.Qa4 Nd7 22.Nxd7 Qxd7
23.Bxa5 bxa5 24.Qxa5 Bf8 25.a4 Qc7 26.Qxc7 Rxc7 27.Rec1 Rec8 28.Nd1 Be2 29.Rxc7 Rxc7
30.Bf1 Bxd1 31.Rxd1 Bb4 32.Be2  1/2-1/2

[Event "Bucharest"]
[Site "Bucharest"]
[Date "1993.??.??"]
[Round "?"]
[White "Kiselev, Sergey"]
[Black "Istratescu, Andrei"]
[Result "1/2-1/2"]
[WhiteElo "2510"]
[BlackElo "2470"]

1.d4 d6 2.Nf3 Nf6 3.c4 g6 4.g3 Bg7 5.Bg2 O-O 6.O-O c5 7.Nc3 Nc6 8.dxc5 dxc5
9.Bf4 Be6 10.Ne5 Na5 11.Qa4 Nd7 12.Nxd7 Bxd7 13.Qc2 Bf5 14.Qc1 Qc8 15.Nd5 Nc6
16.Bh6 Bh3 17.Bxg7 Kxg7 18.Qc3+ Kg8 19.a3 Bxg2 20.Kxg2 Qg4 21.e3 b5 22.cxb5 Qe4+
23.Kg1 Qxd5 24.bxc6 Qxc6 25.Rac1 Rfc8 26.b4 c4 27.Rfd1 Rd8 28.Rd4 Rxd4 29.Qxd4 Rc8
30.Rc3 a6  1/2-1/2

[Event "Bucharest"]
[Site "Bucharest"]
[Date "1993.??.??"]
[Round "?"]
[White "Ionescu, Constantin"]
[Black "Istratescu, Andrei"]
[Result "1/2-1/2"]
[WhiteElo "2475"]
[BlackElo "2470"]

1.d4 Nf6 2.c4 g6 3.g3 Bg7 4.Bg2 O-O 5.Nf3 d6 6.O-O Nc6 7.Nc3 Rb8 8.Bd2 a6
9.Rc1 Bd7 10.b3 e5 11.d5 Ne7 12.e4 Nh5 13.Ne1 c5 14.dxc6 bxc6 15.Bg5 f6 16.Be3 Be6
17.Nd3 f5 18.exf5 Bxf5 19.Bg5 Nf6 20.Qe2 h6 21.Bxf6 Bxf6 22.Rfd1 Qc7 23.Ne4 Bg7
24.h4 Rbd8 25.Nb4 a5 26.Nc2 Bc8 27.Ne3 Nf5 28.Nxf5 gxf5 29.Nc3 Be6 30.Kh2 Kh8
31.Rc2 e4 32.Nd5 cxd5 33.cxd5 Qe7 34.dxe6 Qxe6 35.Rc6 Qe5 36.f4 exf3 37.Bxf3 f4
38.Qxe5 Bxe5 39.g4 Rb8 40.Rc4  1/2-1/2

[Event "Bucharest TIT (Women)"]
[Site "Bucharest"]
[Date "1993.??.??"]
[Round "1"]
[White "Roizen, Nadejda"]
[Black "Safranska, Anda"]
[Result "0-1"]
[WhiteElo "2255"]
[BlackElo "2290"]

1.d4 Nf6 2.c4 g6 3.Nf3 Bg7 4.g3 d6 5.Bg2 O-O 6.O-O Nc6 7.Nc3 a6 8.h3 Bd7
9.Be3 e6 10.Qd2 Rb8 11.Bh6 b5 12.Bxg7 Kxg7 13.cxb5 axb5 14.Ng5 b4 15.Nd1 h6
16.Nf3 Ne7 17.Ne3 Bc6 18.Ng4 Nfg8 19.Rfc1 f5 20.Ne3 Nf6 21.Rc4 Ne4 22.Qc2 Rb6
23.d5 Bxd5 24.Rxc7 Bc6 25.Nd4 Bd7 26.Qc4 d5 27.Qc1 e5 28.Nf3 Nc3 29.Rxd7 Nxe2+
30.Kh2 Qxd7 31.Qd2 e4 32.Ne5 Qd6 33.f4 exf3 34.Nxf3  0-1

[Event "Bucharest2"]
[Site "Bucharest"]
[Date "1993.??.??"]
[Round "2"]
[White "Bogdan, Dan"]
[Black "Badea, Bela"]
[Result "1/2-1/2"]
[WhiteElo "2290"]
[BlackElo "2385"]

1.d4 Nf6 2.Nf3 g6 3.c4 Bg7 4.g3 O-O 5.Bg2 d6 6.O-O Nbd7 7.Nc3 e5 8.h3 c6
9.e4 exd4 10.Nxd4 Re8 11.Re1 Ne5 12.Bf1 Qa5 13.Be3 Be6 14.Nxe6 Rxe6 15.f4 Nxe4
16.fxe5 Nxg3 17.Bg2 Bxe5 18.Qd2 Nf5 19.Bf2 Rae8 20.Rac1 a6 21.b3 Qd8 22.Ne4  1/2-1/2

[Event "Bucharest Tim"]
[Site "Bucharest"]
[Date "1993.??.??"]
[Round "4"]
[White "Cosma, Ioan"]
[Black "Ardeleanu, Alin"]
[Result "1-0"]
[WhiteElo "2365"]
[BlackElo "2355"]

1.d4 Nf6 2.Nf3 g6 3.c4 Bg7 4.g3 O-O 5.Bg2 d6 6.Nc3 Nc6 7.O-O e5 8.dxe5 dxe5
9.Qxd8 Rxd8 10.Bg5 Be6 11.Nd2 h6 12.Bxf6 Bxf6 13.Nde4 Be7 14.Nd5 Bxd5 15.cxd5 Nb4
16.Nc3 c6 17.dxc6 Nxc6 18.Nd5 Bd6 19.g4 Kg7 20.Rfd1 Rac8 21.Rac1 Bf8 22.e3 Rd7
23.Kf1 Rcd8 24.Ke2 Nb4 25.Nxb4 Bxb4 26.Rxd7 Rxd7 27.Rc2 a5 28.a3 Be7 29.Rc8 b6
30.Bc6 Rd6 31.Bb5 f5 32.Rc7 Kf6 33.gxf5 gxf5 34.f3 f4 35.e4 Rd8 36.Bc4 Bc5
37.Bd5 Re8 38.h4 Rd8 39.Rf7+ Kg6 40.Rf5 Bd4 41.h5+ Kg7 42.Rf7+ Kh8 43.Rf6 Kh7
44.Be6 Bxb2 45.Bf5+ Kg7 46.Rg6+ Kf7 47.a4 Bc3 48.Rxh6 Rd2+ 49.Kf1 Bd4 50.Be6+ Kg7
51.Rg6+ Kh8 52.Bg4 Rh2 53.Re6 Kg7 54.Ke1 Bc3+ 55.Kd1 Bd4 56.Rg6+ Kh8 57.Rc6 Kg7
58.Re6 Rh1+ 59.Kc2 Rh4 60.Kd3 Rh1 61.Kc4 Rc1+ 62.Kd5 Rc7 63.h6+ Kh8 64.Bf5 Rc8
65.Re7 Rb8 66.Ke6 b5 67.Kf6 Bc5 68.Rh7+ Kg8 69.Rg7+ Kh8 70.Be6 Rb6 71.axb5 a4
72.Rc7 Bd4 73.Rc6 Kh7 74.Kg5 Rxc6 75.bxc6 Bb6 76.Bf5+ Kh8 77.Kf6 a3 78.Be6 Bc7
79.Ke7 Kh7 80.Kd7 Bb8 81.c7 Bxc7 82.Kxc7  1-0

[Event "Bucharest ENE"]
[Site "Bucharest"]
[Date "1993.??.??"]
[Round "5"]
[White "Itkis, Boris"]
[Black "Ardeleanu, Alin"]
[Result "1-0"]
[WhiteElo "2430"]
[BlackElo "2385"]

1.d4 Nf6 2.Nf3 g6 3.c4 Bg7 4.g3 O-O 5.Bg2 d6 6.O-O Nc6 7.Nc3 Bg4 8.h3 Bxf3
9.Bxf3 Nd7 10.e3 e5 11.d5 Ne7 12.e4 Kh8 13.h4 Ng8 14.Bg2 Bh6 15.Bh3 Ndf6
16.b4 a5 17.Bxh6 Nxh6 18.a3 Nh5 19.Qe2 f5 20.exf5 Nf4 21.gxf4 Qxh4 22.Qf3 gxf5
23.Kh1 Ng4 24.fxe5 dxe5 25.Qg3 Nxf2+ 26.Kh2 Ng4+ 27.Kg2 Qxg3+ 28.Kxg3 Ne3
29.b5 f4+ 30.Kf3 Nxc4 31.Ne4 Ne3 32.Rh1 Nxd5 33.Be6 Nf6 34.Bf5 Kg7 35.Rhg1+ Kf7
36.Rac1 c6 37.bxc6 bxc6 38.Rxc6 Nxe4 39.Rh1 Kg8 40.Bxe4 Rac8 41.Rch6 Rfd8
42.Kg4 f3 43.Kxf3 Rc3+ 44.Kg4 Rd4 45.Kf5 Rg3 46.Kxe5  1-0

[Event "Bucharest Tim"]
[Site "Bucharest"]
[Date "1993.??.??"]
[Round "7"]
[White "Cosma, Ioan"]
[Black "Tomescu, Vlad"]
[Result "1-0"]
[WhiteElo "2365"]
[BlackElo "2435"]

1.c4 Nf6 2.d4 g6 3.Nf3 Bg7 4.g3 O-O 5.Bg2 d6 6.O-O Nbd7 7.Qc2 e5 8.Rd1 exd4
9.Nxd4 Re8 10.Nc3 c6 11.Nf3 Qe7 12.Nd4 Nb6 13.b3 c5 14.Ndb5 Bf5 15.Qd2 Red8
16.Ba3 Ne8 17.Bb2 a6 18.Na3 Nf6 19.e4 Be6 20.Re1 Rab8 21.Rad1 Na8 22.Qc1 Nc7
23.Qa1 Qf8 24.Nc2 Nd7 25.f4 b5 26.Ne3 Nb6 27.f5 Bd7 28.cxb5 axb5 29.Ne2 Ne8
30.Nf4 Bxb2 31.Qxb2 Qg7 32.Qf2 Bc6 33.Nfd5 Bxd5 34.Nxd5 Nd7 35.Ne7+ Kf8 36.Nc6 Ne5
37.Nxb8 Rxb8 38.fxg6 hxg6 39.Bh3 Ke7 40.Rf1 Qh8 41.Kg2 Ra8 42.Qd2 c4 43.Qg5+ f6
44.Qd2 b4 45.bxc4 g5 46.Bf5 g4 47.Qe2 Ra3 48.h4 gxh3+ 49.Kh2 Qg8 50.g4 Ng7
51.g5 fxg5 52.Rd5 g4 53.Bxg4 Re3 54.Rxe5+ dxe5 55.Qxe3  1-0

[Event "Bucharest TIT (Women)"]
[Site "Bucharest"]
[Date "1993.??.??"]
[Round "9"]
[White "Roizen, Nadejda"]
[Black "Velikhanli, Firuza"]
[Result "1/2-1/2"]
[WhiteElo "2255"]
[BlackElo "2320"]

1.d4 Nf6 2.c4 g6 3.Nf3 Bg7 4.g3 O-O 5.Bg2 d6 6.O-O Nc6 7.Nc3 a6 8.d5 Na5
9.b3 c5 10.Bb2 Rb8 11.Qc2 b5 12.Nd2 bxc4 13.bxc4 Bh6 14.f4 e5 15.dxe6 Bxe6
16.Nd5 Rxb2 17.Qxb2 Bg7 18.Qa3 Nxc4 19.Nxc4 Nxd5 20.Rac1 Nb4 21.Kh1 d5 22.Ne5 Bxe5
23.fxe5 Qe7 24.Qa5 c4 25.a3 Nc6 26.Qxa6 Nxe5 27.a4 Ng4 28.Qb6 Qg5 29.Qd4 Qh6
30.h3 Ne3 31.Qf4 Qxf4 32.Rxf4 Ra8 33.Rc3 Nxg2 34.Kxg2 Rxa4 35.Rd4 Ra2 36.Kf3 h5
37.g4 hxg4+ 38.hxg4 Ra1 39.e4 Rf1+ 40.Ke2 Rf4 41.Ke3 Rxe4+ 42.Rxe4 dxe4 43.Kxe4 Bxg4
44.Rxc4 Kg7 45.Kf4 Be6 46.Rc7 Kh6 47.Rc5 Ba2 48.Ra5 Bb1 49.Rb5 Bd3 50.Rd5 Bf1
51.Rc5 Bh3 52.Kg3 Bf1 53.Kf4 Bg2 54.Ra5 f6 55.Ra6 f5 56.Ra2 Be4  1/2-1/2

[Event "Bucharest ENE"]
[Site "Bucharest"]
[Date "1993.??.??"]
[Round "10"]
[White "Zaitsev, Igor A"]
[Black "Timoshenko, Georgy"]
[Result "1-0"]
[WhiteElo "2415"]
[BlackElo "2505"]

1.d4 Nf6 2.c4 g6 3.g3 Bg7 4.Bg2 d6 5.Nf3 O-O 6.O-O Nbd7 7.Nc3 e5 8.e4 exd4
9.Nxd4 Re8 10.h3 Nc5 11.Re1 Bd7 12.Bf4 h6 13.Qc2 Nh7 14.Be3 Ng5 15.f4 Nxh3+
16.Kh1 Qc8 17.Qe2 g5 18.f5 g4 19.Qxg4 Ng5 20.Rad1 Qd8 21.Nde2 Na4 22.Nxa4 Bxa4
23.b3 Bc6 24.Nd4 Be5 25.Nf3 f6 26.Qh5 Nxf3 27.Bxf3 Re7 28.Bxh6 Rh7 29.Kg2 Kh8
30.Rh1 Qg8 31.Rh3 Re8 32.Rdh1 Ree7 33.Bf8 Rxh5 34.Rxh5+ Rh7 35.Rxh7+ Qxh7
36.Be7 Qxh1+ 37.Kxh1 Bd7 38.g4 Kg7 39.Bd8 Kh6 40.Bxc7 Kg5  1-0

[Event "Budapest FS02 IM"]
[Site "Budapest"]
[Date "1993.??.??"]
[Round "?"]
[White "Piankov, Evgenij"]
[Black "Borocz, Istvan"]
[Result "1/2-1/2"]
[WhiteElo "2310"]
[BlackElo "2325"]

1.d4 Nf6 2.c4 g6 3.Nf3 Bg7 4.g3 d6 5.Bg2 O-O 6.O-O Nbd7 7.Nc3 e5 8.h3 c6
9.e4 Qb6 10.d5 Nc5 11.Qe2 Bd7 12.Be3 cxd5 13.cxd5 Rfc8 14.Rfc1 a5 15.Nd2 a4
16.Bf1 Ne8 17.Rab1 Qd8 18.b4 axb3 19.axb3 f5 20.b4 Na6 21.Nc4 f4 22.Bd2 g5
23.g4 h5 24.f3 b5 25.Na3 Nxb4 26.Ncxb5 Rxc1 27.Bxc1 Na6 28.Qf2 Bf8 29.Bd2 Nc5
30.Be1 Ra4 31.Nc4 Ra8 32.Nc3 Rb8 33.Rxb8 Qxb8 34.gxh5 Kh7 35.Qg2 Be7 36.h4 Qd8
37.Bf2 g4 38.fxg4 Bxh4 39.g5 Bxg5 40.Bxc5 dxc5 41.Nxe5 f3 42.Qxf3 Bf6 43.Qg3 Bxe5
44.Qxe5 Qh4 45.Ne2 Nf6 46.Qg3 Qxe4 47.Qf2 Qg4+ 48.Ng3 Nxh5 49.Qf7+ Kh6 50.Qf8+ Kg5
51.Qg8+ Kf4 52.Qb8+ Kg5 53.Qe5+ Kh4 54.Qxh5+ Qxh5 55.Nxh5 Kxh5  1/2-1/2

[Event "Budapest FS02 IM"]
[Site "Budapest"]
[Date "1993.??.??"]
[Round "?"]
[White "Piankov, Evgenij"]
[Black "Kahn, Evarth"]
[Result "1-0"]
[WhiteElo "2310"]
[BlackElo "2360"]

1.d4 Nf6 2.c4 g6 3.Nf3 Bg7 4.g3 O-O 5.Bg2 d6 6.O-O Nbd7 7.Nc3 e5 8.h3 Re8
9.e4 exd4 10.Nxd4 Nc5 11.Re1 a5 12.Rb1 Bd7 13.Kh2 h5 14.f3 c6 15.b3 d5 16.cxd5 cxd5
17.e5 h4 18.g4 Nxg4+ 19.fxg4 Bxe5+ 20.Rxe5 Rxe5 21.Bf4 Qf6 22.Bxe5 Qxe5+
23.Kh1 Ne4 24.Nxe4 dxe4 25.Ne2 Bc6 26.Qd4 Qe7 27.Rd1 Re8 28.Qd6 Qg5 29.Qf4 Qc5
30.Rf1 Re7 31.Qf6 Rd7 32.Nc3 Qe3 33.Na4 Qg3 34.Qf2 Qxf2 35.Rxf2 e3 36.Re2 Rd2
37.Rxd2 exd2 38.Nc3 Bb5 39.Bf3 Bf1 40.Kh2 Bd3 41.Kg1 b5 42.Kf2 b4 43.Ke3 Bf1
44.Ne4 Bxh3 45.Nxd2 g5 46.Ke4 f6 47.Kf5 Kf7 48.Ne4 Bf1 49.Nxf6 h3 50.Ne4 Bd3
51.Kxg5 Bb1 52.Kh4 Bxa2 53.Nd2 h2 54.Kg3 Kf6 55.Kxh2 Ke5 56.Kg3 Kd4 57.Kf2 Kc3
58.Ke3 Bxb3 59.Nxb3 a4 60.Nd2 b3 61.g5  1-0

[Event "Budapest FS09 IM-A"]
[Site "Budapest"]
[Date "1993.??.??"]
[Round "?"]
[White "Lehmann, Karl Heinz"]
[Black "Schneider, Attila"]
[Result "1/2-1/2"]
[WhiteElo "2295"]
[BlackElo "2390"]

1.d4 Nf6 2.c4 g6 3.Nf3 Bg7 4.g3 O-O 5.Bg2 d6 6.O-O Nc6 7.Nc3 a6 8.h3 Rb8
9.e4 b5 10.cxb5 axb5 11.Re1 b4 12.Nd5 Nd7 13.e5 dxe5 14.dxe5 Nc5 15.Bg5 Qd7
16.Rc1 Rb5 17.Nxe7+ Nxe7 18.Qxd7 Nxd7 19.Bxe7 Re8 20.Rxc7 Nxe5 21.Nd4 Rb8
22.Bd6 Bf5 23.g4 Rbd8 24.Nxf5 Nf3+ 25.Bxf3 Rxe1+ 26.Kg2 gxf5 27.Bxb4 Rb1
28.Be7 Re8 29.Bd5 Be5 30.Rd7 fxg4 31.hxg4 Bxb2 32.Bc5  1/2-1/2

[Event "Budapest FS07 IM-A"]
[Site "Budapest"]
[Date "1993.??.??"]
[Round "2"]
[White "Haimovich, Tal"]
[Black "Schneider, Attila"]
[Result "1/2-1/2"]
[WhiteElo "2270"]
[BlackElo "2390"]

1.d4 Nf6 2.c4 g6 3.Nf3 Bg7 4.g3 O-O 5.Bg2 d6 6.O-O Nc6 7.Nc3 a6 8.d5 Na5
9.Nd2 c5 10.Qc2 Rb8 11.b3 b5 12.Bb2 e5 13.e4 Nh5 14.Nd1 Bh6 15.Bc3 b4 16.Bb2 f5
17.f3 f4 18.g4 Ng7 19.Nf2 Nb7 20.Nd3 Qe7 21.a3 a5 22.axb4 axb4 23.Ra7 Bg5
24.Rfa1 h5 25.h3 Ne8 26.Qd1 Nf6 27.Qe1 Nh7 28.R1a6 hxg4 29.fxg4 Bf6 30.Nf3 Ng5
31.Qe2 Nxf3+ 32.Qxf3 Bd7 33.Qd1 Nd8 34.Ne1 Nf7 35.Nf3 Qd8 36.Qa1 Bc8 37.Ra5 Bd7
38.R5a6 Bc8 39.Ra5  1/2-1/2

[Event "Budapest FS03 GM"]
[Site "Budapest"]
[Date "1993.??.??"]
[Round "3"]
[White "Farago, Sandor"]
[Black "Loginov, Valery A"]
[Result "0-1"]
[WhiteElo "2340"]
[BlackElo "2505"]

1.c4 g6 2.Nf3 Bg7 3.d4 Nf6 4.g3 O-O 5.Bg2 d6 6.Nc3 Nbd7 7.O-O e5 8.h3 c6
9.e4 Qb6 10.d5 Nc5 11.Qe2 Qa6 12.b4 Na4 13.Nxa4 Qxa4 14.Bd2 cxd5 15.exd5 e4
16.Ng5 Re8 17.Bc3 h6 18.Bxf6 Bxf6 19.Nxe4 Rxe4 20.Qxe4 Bf5 21.Qf4 Bxa1 22.Rxa1 Qxb4
23.Bf1 h5 24.g4 hxg4 25.hxg4 Bd7 26.a3 Qc3 27.Rb1 b6 28.Qxd6 Bxg4 29.Qe7 Kg7
30.Re1 Rh8 31.Qe3 Qxe3 32.Rxe3 Kf6 33.Kg2 Bd7 34.Bd3 Re8 35.Rf3+ Ke7 36.Kg3 Rh8
37.Kf4 Rh4+ 38.Ke3 Be8 39.Kd2 Kd6 40.Kc3 f5 41.Re3 Bf7 42.Re2 b5 43.cxb5 Bxd5
44.Re8 Ra4 45.Kb2 Rf4 46.Re2 Kc5 47.Rc2+ Kb6 48.Re2 Be4 49.Bc4 Kc5 50.Bf7 g5
51.a4 Kb4 52.Be8 Rf3 53.Rd2 Rb3+ 54.Ka2 Bb1+ 55.Ka1 Be4 56.Ka2 Ra3+ 57.Kb2 Rd3
58.Re2 Rb3+ 59.Ka1 Bd3 60.Rb2 Rxb2 61.Kxb2 f4 62.Bd7 Be2 63.Kc2 g4 64.Kd2 Bf3
65.Kd3 Bd1 66.Ke4 g3 67.fxg3 fxg3 68.Ke3 Bxa4 69.Kf3 Bxb5 70.Be6 a5 71.Kxg3 a4
72.Ba2 Bc4 73.Bb1 Kc3 74.Kf2 a3 75.Ke1 Kb2  0-1

[Event "Budapest FS03 IM"]
[Site "Budapest"]
[Date "1993.??.??"]
[Round "3"]
[White "Biliskov, Vjekoslav"]
[Black "Truta, Srecko"]
[Result "1-0"]
[WhiteElo "2305"]
[BlackElo "2310"]

1.Nf3 Nf6 2.c4 g6 3.d4 Bg7 4.g3 O-O 5.Bg2 d6 6.O-O Nbd7 7.Nc3 e5 8.h3 c6
9.e4 Qa5 10.Re1 exd4 11.Nxd4 Re8 12.Be3 Ne5 13.Qe2 Be6 14.Nxe6 Rxe6 15.a3 Qa6
16.b3 Nfd7 17.Qc2 Nc5 18.f4 Nxc4 19.Bxc5 dxc5 20.bxc4 Qxc4 21.Rac1 Rd8 22.e5 Qa6
23.Ne4 b6 24.Bf1 Qb7 25.Red1 Rd4 26.Rxd4 cxd4 27.Ng5 Re7 28.Qxc6 Qxc6 29.Rxc6 h6
30.Ne4 g5 31.Bc4 gxf4 32.gxf4 Kf8 33.Nd6  1-0

[Event "Budapest FS07 IM-A"]
[Site "Budapest"]
[Date "1993.??.??"]
[Round "4"]
[White "Navarovszky, Laszlo"]
[Black "Schneider, Attila"]
[Result "1/2-1/2"]
[WhiteElo "2320"]
[BlackElo "2390"]

1.c4 Nf6 2.d4 g6 3.Nf3 Bg7 4.g3 O-O 5.Bg2 d6 6.Nc3 Nc6 7.O-O a6 8.d5 Na5
9.b3 c5 10.dxc6 bxc6 11.Nd4 Bd7 12.Nc2 Nh5 13.Bd2 Rb8 14.c5 d5 15.Rc1 e5
16.Na4 Nb7 17.Nb4 a5 18.Nxd5 cxd5 19.c6 Bxc6 20.Rxc6 e4 21.Qc1  1/2-1/2

[Event "Budapest FS08 GM"]
[Site "Budapest"]
[Date "1993.??.??"]
[Round "5"]
[White "Farago, Sandor"]
[Black "Mrva, Martin"]
[Result "0-1"]
[WhiteElo "2375"]
[BlackElo "2355"]

1.d4 Nf6 2.c4 g6 3.Nf3 Bg7 4.g3 O-O 5.Bg2 d6 6.Nc3 Bg4 7.O-O Qc8 8.Re1 Re8
9.e4 Nc6 10.Rb1 e5 11.d5 Nd4 12.Qd3 c6 13.dxc6 bxc6 14.Bd2 Nd7 15.b4 Qa6
16.Rec1 d5 17.a4 Qxc4 18.Qxc4 dxc4 19.Ne1 Rab8 20.f3 Be6 21.Be3 a6 22.Nc2 Rb7
23.Bd2 Reb8 24.Ne3 Rxb4 25.Rxb4 Rxb4 26.Be1 Bh6 27.Bf2 Rb3 28.Kf1 Nc5 29.Ncd1 Nd3
30.Rc3 Rb1 31.f4 exf4 32.gxf4 Bxf4 33.Be1 Bxe3  0-1

[Event "Spring op"]
[Site "Budapest"]
[Date "1993.??.??"]
[Round "6"]
[White "Chetverik, Maxim"]
[Black "Kulagin, Alexander"]
[Result "1-0"]
[WhiteElo "2275"]
[BlackElo "2265"]

1.d4 d6 2.Nf3 g6 3.c4 Nf6 4.g3 Bg7 5.Bg2 O-O 6.O-O Nc6 7.Nc3 Bf5 8.b3 Ne4
9.Bb2 Nxc3 10.Bxc3 Be4 11.e3 a5 12.Qe2 e5 13.dxe5 dxe5 14.Rfd1 Qe7 15.Qb2 Rfd8
16.Ne1 Bxg2 17.Kxg2 f5 18.Rd5 Rxd5 19.cxd5 Nb4 20.Rd1 Rd8 21.Bxb4 Qxb4 22.Qc2 Qd6
23.f3 c6 24.e4 fxe4 25.fxe4 Qf6 26.Nf3 Rf8 27.Rf1 cxd5 28.exd5 Qf7 29.Qe4 Rd8
30.Rd1 Bf6 31.g4 Qe7 32.Kg3 Qd6 33.h4 Rf8 34.Nd2 Qb6 35.Qe2 Bg7 36.Ne4 Rf4
37.d6 Qd8 38.d7 Rf8 39.Qc4+ Kh8 40.Ng5 Qf6 41.Rf1  1-0

[Event "Budapest FS11 IM-A"]
[Site "Budapest"]
[Date "1993.??.??"]
[Round "6"]
[White "Kecskes, Gabor"]
[Black "Borocz, Istvan"]
[Result "0-1"]
[WhiteElo "2220"]
[BlackElo "2335"]

1.d4 Nf6 2.c4 g6 3.Nf3 Bg7 4.g3 O-O 5.Bg2 d6 6.O-O Nbd7 7.Nc3 e5 8.e4 c6
9.b3 exd4 10.Nxd4 Re8 11.h3 Nc5 12.Re1 Qc7 13.Bb2 Bd7 14.Qc2 Rad8 15.b4 Ne6
16.Nf3 Bc8 17.Na4 Nd7 18.Bxg7 Nxg7 19.Nd4 a6 20.a3 Ne5 21.f4 Nd7 22.Kh2 h5
23.Nf3 Nf6 24.Nh4 Re7 25.Nc3 Rde8 26.Qd2 Nh7 27.Rad1 Re6 28.Ne2 Nf6 29.Nc3 Qe7
30.Rf1 Nh7 31.f5 Rf6 32.fxg6 fxg6 33.Rxf6 Qxf6 34.Rf1 Qe6 35.Qh6 g5 36.Qxe6+ Bxe6
37.Nf5 Nxf5 38.exf5 Bxc4 39.Rf2 Nf6 40.Rd2 d5 41.Na4 Re3 42.Nc5 b6 43.Ne6 Rxa3
44.Nxg5 Rb3 45.Rd1 Re3  0-1

[Event "Budapest FS08 IM"]
[Site "Budapest"]
[Date "1993.??.??"]
[Round "6"]
[White "Navarovszky, Laszlo"]
[Black "Liedl, Wolfgang"]
[Result "1/2-1/2"]
[WhiteElo "2320"]
[BlackElo "2215"]

1.d4 Nf6 2.c4 g6 3.Nf3 Bg7 4.g3 O-O 5.Bg2 d6 6.Nc3 c5 7.dxc5 dxc5 8.Qxd8 Rxd8
9.Bf4 Nc6 10.Ne5 Nxe5 11.Bxe5 Ng4 12.Bxg7 Kxg7 13.Ne4 Rb8 14.Nxc5 b5 15.cxb5 Rxb5
16.Nd3 Bf5 17.h3 Nf6 18.O-O-O Be4 19.Rhg1 a5 20.Rd2 a4 21.Bxe4 Nxe4 22.Rc2 Rd4
23.g4 h5 24.Rd1 hxg4 25.hxg4 Rbd5 26.f3 Nd6 27.e4 Rb5 28.Nc5 Rxd1+ 29.Kxd1 Rb4
30.a3 Rd4+ 31.Ke2 Nc4 32.Nxa4 Nxa3 33.bxa3 Rxa4 34.Rc3 Kf6 35.Ke3 Kg5 36.Kd3 Kf4
37.Kc2 Ra8 38.Kb3 Rb8+ 39.Kc2 Ra8 40.Kb3 Rb8+ 41.Ka2 Ra8 42.Rd3 Kg3 43.Kb3 Rb8+
44.Kc4 Rc8+ 45.Kb5 Rb8+ 46.Kc6 Ra8 47.Kd7 Ra7+ 48.Ke8 e5 49.Kd8 Kf4 50.Kc8 Ra5
51.Kb7 Ra4 52.Kb6 Ra8 53.Kb5 Rb8+ 54.Kc6 Ra8 55.Rb3 f6 56.Kc5 Rc8+ 57.Kd5 Ra8  1/2-1/2

[Event "Budapest FS12 IM-A"]
[Site "Budapest"]
[Date "1993.??.??"]
[Round "6"]
[White "Almeida Saenz, Alfonso"]
[Black "Segal, Anna"]
[Result "1-0"]
[WhiteElo "2330"]
[BlackElo "2175"]

1.c4 g6 2.Nf3 Bg7 3.d4 d6 4.g3 Nf6 5.Bg2 O-O 6.Nc3 Nbd7 7.O-O e5 8.h3 Re8
9.e4 exd4 10.Nxd4 Nc5 11.Re1 h6 12.b3 Nh7 13.Bb2 Ng5 14.g4 Nge6 15.Nde2 Qg5
16.b4 Nd7 17.Qb3 c6 18.Rad1 Be5 19.Rf1 Nf4 20.Bc1 Nb6 21.Nxf4 Bxf4 22.Bxf4 Qxf4
23.Ne2 Qf6 24.c5 dxc5 25.bxc5 Be6 26.Qe3 Nd7 27.Rd6 Qe5 28.Rc1 Rad8 29.Rcd1 Qg5
30.Nf4 Nf8 31.a3 Bc8 32.Bf1 Rd7 33.R1d3 Rde7 34.Bg2 Nd7 35.Rc3 Ne5 36.Qg3 Rd7
37.Ne2 Qd8 38.f4 Rxd6 39.cxd6 Nd7 40.e5 Nf8 41.Qf2 Qa5 42.Qh4 Qb6+ 43.Kh2 Qb2
44.Re3 Qd2 45.Qg3 Kh7 46.Nc3 f5 47.Re2 Qc1 48.gxf5 Bxf5 49.Ne4 Nd7 50.Qf2 Qxa3
51.Ng3 Be6 52.Be4 Rf8 53.Qd4 Qc5 54.Bxg6+ Kxg6 55.Qe4+ Bf5 56.Nxf5 Kf7 57.e6+ Kf6
58.exd7 Qxf5 59.Qxf5+  1-0